[Event "22nd Alekhine FIDE 2018"]
[Site "Voronezh"]
[Date "2018.06.14"]
[Round "3"]
[White "Artemov, Nikita"]
[Black "Selensky, Andrey"]
[Result "1-0"]
[WhiteElo "1970"]
[BlackElo "2040"]
[Annotator "NA RC"]
[PlyCount "111"]
[EventDate "2018.??.??"]
[EventType "swiss"]
[EventCountry "RUS"]
[SourceTitle "playchess.com"]
[Source "ChessBase"]
[SourceQuality "1"]
[TimeControl "5400+30"]

1. e4 {[%emt 0:01:23]} c5 {[%emt 0:00:09]} 2. Nf3 {[%emt 0:00:07]} Nc6 {[%emt 0:00:05]} 3. Bb5 {[%emt 0:00:08]} Nd4 {[%emt 0:00:24]} 4. Nxd4 {[%emt 0:00:08]} cxd4 {[%emt 0:00:04]} 5. c3 {[%emt 0:00:04]} e5 {[%emt 0:02:44] B30: Sizilianisch (Rossolimo-Variante)} (5... a6 6. Bd3 e5 7. cxd4 exd4 8. O-O Ne7 9. Bc4 Nc6 10. d3 Be7 11. f4 d6 12. Nd2 O-O 13. Nf3 {1-0 (32) Blomqvist,E (2567)-Ehlvest,J (2532) London 2016}) 6. cxd4 {[%emt 0:00:53]} Qb6 $146 {[%emt 0:00:43]} ({Vorgänger:} 6... exd4 7. O-O a6 8. Bc4 Bc5 9. Bxf7+ Kxf7 10. Qh5+ g6 11. Qxc5 Ne7 12. Qxd4 d5 13. d3 {1-0 (23) Alavkin,A (2429)-Tumakov,D (2312) Kazan 2008}) 7. Nc3 {[%emt 0:01:08]} Nf6 {[%emt 0:05:00]} 8. dxe5 {[%emt 0:02:23]} Nxe4 {[%emt 0:00:33]} 9. Qe2 {[%emt 0:01:23]} Nxc3 {[%emt 0:00:24]} 10. bxc3 {[%emt 0:00:56]} Be7 {[%emt 0:01:18]} 11. d4 {[%emt 0:00:42]} O-O {[%emt 0:00:36]} 12. O-O {[%emt 0:00:22]} d5 {[%emt 0:01:28]} 13. exd6 {[%emt 0:02:42]} Bxd6 {[%emt 0:01:07]} 14. Bd2 {[%emt 0:02:39]} Be6 {[%emt 0:04:47]} 15. a4 {[%emt 0:06:47]} a6 {[%emt 0:02:30]} 16. Bd3 {[%emt 0:00:24]} Rfe8 {[%emt 0:02:05]} 17. Rfb1 {[%emt 0:09:12]} Qd8 {[%emt 0:03:07]} 18. Qh5 {[%emt 0:05:57]} g6 {[%emt 0:00:15]} 19. Qg5 {[%emt 0:00:52]} Qc7 {[%emt 0:05:33]} 20. h3 {[%emt 0:03:28]} Be7 {[%emt 0:01:28]} ({Black should play} 20... Qc6) 21. Qf4 {[%emt 0:02:20]} Bd6 {[%emt 0:00:05]} 22. Qf3 {[%emt 0:03:02]} Rab8 {[%emt 0:05:42]} 23. a5 {[%emt 0:04:06]} f5 {[%emt 0:07:09] [#]} (23... Bc4 $142 24. Rb2 Bh2+ 25. Kh1 Bxd3 26. Qxd3 Bf4 27. Bxf4 Qxf4) 24. c4 $1 {[%emt 0:05:36]} Qf7 {[%emt 0:02:15]} 25. d5 {[%emt 0:03:54]} Bd7 {[%emt 0:00:04]} 26. Bf4 {[%emt 0:05:21]} Be5 {[%emt 0:02:00]} 27. Bxe5 {[%emt 0:03:12]} Rxe5 {[%emt 0:00:04]} 28. c5 {[%emt 0:03:55]} Rxd5 {[%emt 0:00:16]} 29. Bc4 {[%emt 0:00:13]} Bc6 {[%emt 0:00:09]} 30. Bxd5 {[%emt 0:00:06]} Bxd5 {[%emt 0:00:05]} 31. Qf4 {[%emt 0:00:43]} Rc8 {[%emt 0:01:26]} 32. Qd6 {[%emt 0:01:18]} Bc6 {[%emt 0:01:58]} 33. Re1 $18 {[%emt 0:00:56]} Qd5 {[%emt 0:00:39]} 34. Qxd5+ {[%emt 0:03:55]} Bxd5 {[%emt 0:00:04]} 35. Rad1 {[%emt 0:00:28]} Bc6 {[%emt 0:00:14]} 36. Re7 {[%emt 0:00:25]} Rf8 {[%emt 0:00:47]} 37. f4 {[%emt 0:00:34]} Rc8 {[%emt 0:00:14]} 38. Rd6 {[%emt 0:00:30]} Be4 {[%emt 0:00:21]} 39. Rdd7 {[%emt 0:00:37]} h6 {[%emt 0:00:39]} 40. Rg7+ {[%emt 0:00:38]} Kf8 {[%emt 0:00:05]} 41. Rh7 {[%emt 0:00:43]} Kg8 {[%emt 0:00:08]} 42. Rdg7+ {[%emt 0:03:10]} Kf8 {[%emt 0:00:07]} 43. Rh8+ {[%emt 0:00:35]} Kxg7 {[%emt 0:00:05]} 44. Rxc8 {[%emt 0:00:04]} g5 {[%emt 0:00:13]} 45. g3 {[%emt 0:00:07]} gxf4 {[%emt 0:00:35]} 46. gxf4 {[%emt 0:00:04]} h5 {[%emt 0:00:12]} 47. Kf2 {[%emt 0:00:44]} h4 {[%emt 0:00:06]} 48. Rd8 {[%emt 0:00:18]} Bc6 {[%emt 0:00:11]} 49. Rd1 {[%emt 0:00:31]} Kf6 {[%emt 0:00:11]} 50. Ke3 {[%emt 0:00:56]} Bg2 {[%emt 0:00:20]} 51. Kd4 {[%emt 0:00:50]} Bxh3 {[%emt 0:00:16]} 52. Rh1 {[%emt 0:00:22]} Bg2 {[%emt 0:00:13]} 53. Rxh4 {[%emt 0:00:03]} Ke6 {[%emt 0:00:52]} 54. Rh6+ {[%emt 0:00:09]} Kd7 {[%emt 0:00:14]} 55. Ke5 {[%emt 0:00:11]} Be4 {[%emt 0:00:16]} 56. Rf6 {[%emt 0:00:21]} 1-0

[Event "22nd Alekhine FIDE 2018"]
[Site "Voronezh"]
[Date "2018.06.14"]
[Round "3"]
[White "Kuzmin, Roman"]
[Black "Martyntsev, Roman"]
[Result "0-1"]
[WhiteElo "1963"]
[BlackElo "2035"]
[Annotator "NA RC"]
[PlyCount "64"]
[EventDate "2018.??.??"]
[EventType "swiss"]
[EventCountry "RUS"]
[SourceTitle "playchess.com"]
[Source "ChessBase"]
[SourceQuality "1"]
[TimeControl "5400+30"]

1. e4 {[%emt 0:00:00]} c5 {[%emt 0:00:31]} 2. Nf3 {[%emt 0:00:00]} Nc6 {[%emt 0:00:11]} 3. d4 {[%emt 0:00:00]} cxd4 {[%emt 0:00:06]} 4. Nxd4 {[%emt 0:00:00]} Nf6 {[%emt 0:00:07]} 5. Nc3 {[%emt 0:00:00]} e5 {[%emt 0:00:06]} 6. Ndb5 {[%emt 0:00:00]} d6 {[%emt 0:00:05]} 7. Bg5 {[%emt 0:00:00]} a6 {[%emt 0:00:05]} 8. Na3 {[%emt 0:00:00]} b5 {[%emt 0:00:06]} 9. Bxf6 {[%emt 0:00:01]} gxf6 {[%emt 0:00:06]} 10. Nd5 {[%emt 0:00:03]} f5 {[%emt 0:00:17]} 11. g3 {[%emt 0:00:04]} fxe4 {[%emt 0:05:48]} 12. Bg2 {[%emt 0:00:07]} Bg7 {[%emt 0:00:08]} 13. Bxe4 {[%emt 0:00:13]} O-O {[%emt 0:03:43] B33: Sicilian: Pelikan and Sveshnikov Variations} (13... Be6 14. Qh5 Rc8 15. Rd1 Ne7 16. Nxe7 Qxe7 17. O-O h6 18. c3 O-O 19. Nc2 f5 20. Bd5 Rc5 21. Ne3 Bxd5 22. Nxd5 Qe6 {½-½ (31) Motylev,A (2649)-Grachev,B (2649) Baku 2015}) 14. Ne3 {[%emt 0:00:20]} Qc7 {[%emt 0:10:36]} 15. Qh5 {[%emt 0:09:55]} h6 {[%emt 0:07:55]} 16. c3 {[%emt 0:03:33]} Rb8 {[%emt 0:03:19]} 17. Nac2 {[%emt 0:05:01]} Ne7 {[%emt 0:04:03]} 18. Nb4 $146 {[%emt 0:04:42]} ({Predecessor:} 18. Nd5 Nxd5 19. Bxd5 {0-1 (48) Kalmar,M (1855)-Rakhely,M (1542) Balatonlelle 2009}) 18... f5 {[%emt 0:09:46]} 19. Ned5 {[%emt 0:00:24]} Nxd5 $1 {[%emt 0:01:44]} 20. Bxd5+ {[%emt 0:00:05]} Kh8 {[%emt 0:00:49]} 21. O-O-O {[%emt 0:01:22] [#]} (21. Bg2 $11 {remains equal.}) 21... Rb6 {[%emt 0:09:14]} (21... a5 $1 $17 {[%cal Ra5b4]} 22. Nc6 Rb6 23. Nxa5 b4) 22. Bg2 {[%emt 0:05:15]} (22. Bb3 $5 {[%cal Rb4d5]}) 22... Qc5 {[%emt 0:01:54]} 23. Nd5 {[%emt 0:01:30]} Rb8 {[%emt 0:01:35]} (23... Rb7 $11) 24. Ne7 {[%emt 0:00:37]} Be6 {[%emt 0:09:33] [#]} 25. Ng6+ {[%emt 0:00:29]} ({White has to play} 25. Bd5 $1 $16 Rf6 26. Bxe6 Rxe6 27. Nxf5) 25... Kg8 $2 {[%emt 0:00:38]} (25... Kh7 $11 26. Ne7 (26. Nxf8+ Rxf8 27. Qh4 Bxa2 $11) 26... Rf6) 26. Nxf8 {[%emt 0:00:04]} Kxf8 {[%emt 0:00:14]} 27. Bh3 $2 {[%emt 0:01:24]} (27. Qg6 $18 Re8 28. Rd2) 27... e4 $1 {[%emt 0:02:25]} 28. Qe2 $2 {[%emt 0:05:39]} (28. Qg6 $11 {und Weiss muss sich keine Sorgen machen.} Re8 29. Rhe1) 28... b4 {[%emt 0:04:18]} 29. Qxa6 {[%emt 0:01:01]} Ke7 $19 {[%emt 0:01:08]} 30. Rd2 {[%emt 0:13:23]} bxc3 {[%emt 0:01:23]} 31. Rc2 {[%emt 0:02:09]} Bc4 {[%emt 0:01:05]} 32. Qa3 {[%emt 0:02:14]} cxb2+ {[%emt 0:00:25]} 0-1

[Event "22nd Alekhine FIDE 2018"]
[Site "Voronezh"]
[Date "2018.06.14"]
[Round "3"]
[White "Kulpin, Dmitriy"]
[Black "Provkin, Vladimir"]
[Result "0-1"]
[WhiteElo "1954"]
[BlackElo "2182"]
[Annotator "TA"]
[PlyCount "59"]
[EventDate "2018.??.??"]
[EventType "swiss"]
[EventCountry "RUS"]
[SourceTitle "playchess.com"]
[Source "ChessBase"]
[SourceQuality "1"]

{[%evp 19,59,87,123,116,125,39,78,87,63,85,203,79,93,94,95,49,90,95,133,112,110,112,137,118,105,57,58,62,70,12,18,12,356,345,345,345,338,337,378,380,1054,1054]} 1. d4 Nf6 2. Nf3 g6 3. c4 Bg7 4. g3 O-O 5. Bg2 d6 6. O-O Nc6 7. Nc3 Bg4 8. d5 Bxf3 9. exf3 Na5 10. Qd3 c5 {LiveBook: 10 Games. E62: King's Indian: Fianchetto: 6...c6 and Panno Variation (6...Nc6) without ...a6} 11. Bd2 (11. f4 a6 12. Bd2 Rb8 13. Rab1 b5 14. b3 bxc4 15. bxc4 Qd7 16. Rfe1 Rfc8 17. Bf1 Rb4 18. Ne4 Rxb1 19. Rxb1 {1-0 (34) Wojtaszek,R (2726)-Socko,B (2660) Warsaw 2010}) 11... a6 12. Rfe1 (12. f4 $16) 12... Rb8 {White is slightly better.} 13. Rab1 b5 14. b3 Qc7 $146 (14... bxc4 $16 15. bxc4 Rb4) ({Predecessor:} 14... Re8 15. cxb5 axb5 16. Nxb5 Nxd5 17. Nxd6 Nb4 18. Bxb4 cxb4 19. Qd5 Rf8 {0-1 (19) Marinic,M-Petrik,K (2290) Bratislava 1990}) 15. Ne4 (15. cxb5 $18 {and White stays clearly on top.} axb5 16. Nxb5) 15... Rb7 16. Bf1 Rfb8 17. Qc2 Nd7 18. f4 Bd4 19. Bd3 Nf6 20. Nxf6+ exf6 21. cxb5 axb5 22. b4 cxb4 23. Qxc7 Rxc7 24. Rxb4 ({White should try} 24. Bxb4 $14 Nc4 25. Re4) 24... Nc4 $11 25. Rc1 {[%cal Rd3c4]} Bc5 $2 {[%mdl 8192] [#]} (25... Rbc8 $11 {and Black has nothing to worry.} 26. Be1 Rc5) 26. Rcxc4 $1 $18 Bxb4 27. Rxb4 ({Weaker is} 27. Rxc7 Bxd2 28. Rc2 Ba5 $11) 27... Rc5 28. Be3 Rxd5 29. Be2 Ra8 $2 {[#]} (29... Rd8 30. Kg2 Kf8 31. Bxb5 h5) 30. Bf3 {[%mdl 32768] Precision: White = 48%, Black = 24%. . Loss on Time!?} 0-1

[Event "22nd Alekhine FIDE 2018"]
[Site "Voronezh"]
[Date "2018.06.14"]
[Round "3"]
[White "Gutsulyak, Nikolay"]
[Black "Lukovnikov, Alexander"]
[Result "0-1"]
[WhiteElo "1953"]
[BlackElo "2153"]
[Annotator "TA"]
[PlyCount "118"]
[EventDate "2018.??.??"]
[EventType "swiss"]
[EventCountry "RUS"]
[SourceTitle "playchess.com"]
[Source "ChessBase"]
[SourceQuality "1"]

{[%evp 15,118,41,50,46,64,56,103,105,105,84,171,179,166,187,161,142,158,161,167,156,178,129,198,155,156,155,182,179,188,149,149,156,176,143,160,135,149,133,195,175,193,193,200,195,193,193,206,201,226,200,231,236,283,282,278,274,364,314,400,311,379,238,246,233,313,212,287,276,293,225,239,0,0,0,0,0,0,0,0,0,0,0,0,0,0,0,0,0,0,0,0,0,0,0,0,-12833,-12836,-12836,-12836,-12844,-12844,-12846,-12847,-12847,-12847]} 1. e4 c5 2. Nc3 Nc6 3. f4 e6 4. Nf3 d5 5. Bb5 a6 6. Bxc6+ bxc6 7. d3 Nf6 8. O-O Be7 {LiveBook: 3 Games} 9. Qe1 {B23: Closed Sicilian: Lines without g3} O-O 10. b3 (10. h3 a5 11. Bd2 c4 12. e5 Nd7 13. dxc4 Qb6+ 14. Kh1 Ba6 15. b3 dxc4 16. Be3 Qc7 {1-0 (79) Juswanto,D (2417)-Nakhbayeva,G (2307) Jakarta 2013}) 10... Rb8 11. Ba3 $146 {White is better.} ({Predecessor:} 11. Ne5 Qc7 12. Ba3 Nd7 13. Nxd7 Qxd7 14. Na4 c4 15. Bxe7 Qxe7 16. d4 cxb3 17. axb3 {1-0 (45) Van Wijgerden,C-Detter,P Zuerich 1970}) 11... Qc7 12. e5 Ne8 (12... Nd7 $16) 13. Na4 $18 c4 14. Bxe7 Qxe7 15. d4 ({Don't do} 15. bxc4 $6 Qa3 $16) 15... Nc7 {[%cal Be8c7,Bc7b5,Bb5a3][%mdl 32]} 16. Nc5 Nb5 {With the idea ...Nxd4.} 17. Qe3 a5 18. Nd2 Rd8 (18... Na3 $16 {was worth a try.}) 19. Rf3 Na3 20. Rc1 Rb4 {intending ...c3.} 21. Rh3 f5 22. Nb1 Nxb1 23. Rxb1 Rb5 24. Rd1 Bd7 25. Qf2 $36 {[%mdl 2048] White has strong initiative.} h6 26. Qh4 Qf8 (26... Qxh4 $16 27. Rxh4 Kf7) 27. Rc3 cxb3 28. axb3 Bc8 29. Ra1 Re8 30. Qe1 Qe7 31. Qd2 Rd8 32. Re3 {[%cal Bc3e3,Be3e1,Be1f1,Bf1f3,Bf3h3][%mdl 32]} Qc7 33. Ree1 Qe7 34. Rxa5 Rxa5 35. Qxa5 Rf8 36. Qb6 g5 37. Rf1 Kh8 38. Qb4 Rg8 39. Qd2 Bd7 40. Rf3 Be8 41. fxg5 hxg5 42. Rh3+ Kg7 43. Qxg5+ $2 (43. Rg3 $18) 43... Qxg5 $11 44. Nxe6+ Kf7 {[%csl Gg8][%cal Rg5g2] [#]} 45. Nxg5+ Rxg5 {[%mdl 4096] Endgame KRB-KR} 46. Rh7+ Rg7 47. Rxg7+ Kxg7 {KB-KP} 48. Kf2 Bh5 49. b4 Bd1 50. c3 f4 51. g3 fxg3+ 52. Kxg3 Bc2 53. Kf4 Kg6 54. h4 Bd1 55. e6 $2 {[%mdl 8192] [#]} (55. Ke3 $11) 55... Kf6 $19 {Black is clearly winning.} 56. e7 Bh5 57. c4 dxc4 58. d5 cxd5 59. b5 Kxe7 {Precision: White = 60%, Black = 38%.} 0-1

[Event "22nd Alekhine FIDE 2018"]
[Site "Voronezh"]
[Date "2018.06.14"]
[Round "3"]
[White "Efendiev, Enver"]
[Black "Kitaev, Roman"]
[Result "1-0"]
[WhiteElo "1948"]
[BlackElo "2031"]
[Annotator "NA RC"]
[PlyCount "106"]
[EventDate "2018.??.??"]
[EventType "swiss"]
[EventCountry "RUS"]
[SourceTitle "playchess.com"]
[Source "ChessBase"]
[SourceQuality "1"]
[TimeControl "5400+30"]

1. e4 {[%emt 0:00:00]} c5 {[%emt 0:00:05]} 2. Nf3 {[%emt 0:00:03]} b6 {[%emt 0:00:05]} 3. d4 {[%emt 0:00:12]} cxd4 {[%emt 0:00:07]} 4. Nxd4 {[%emt 0:00:06]} Bb7 {[%emt 0:00:04]} 5. Nc3 {[%emt 0:05:08]} e6 {[%emt 0:00:44] B27: Sicilian: 2 Nf3, unusual Black 2nd moves} (5... a6 6. g3 e6 7. Bg2 Nf6 8. O-O Qc7 9. Re1 d6 10. Nd5 Nxd5 11. exd5 e5 12. f4 Nd7 13. fxe5 Nxe5 {0-1 (59) Safarli,E (2639)-Ponkratov,P (2613) Riadh 2017}) 6. e5 {[%emt 0:16:35]} d5 $146 {[%emt 0:02:26]} ({Predecessor:} 6... f6 7. Bd3 fxe5 8. Qh5+ g6 9. Qxe5 Nf6 10. Bg5 Be7 11. Be4 {1-0 (42) Trey,B (1390)-Muheim,X (1380) St Chely d'Aubrac 2009}) 7. exd6 {[%emt 0:04:05]} Qxd6 {[%emt 0:00:46]} 8. Ncb5 {[%emt 0:07:58]} Qd8 {[%emt 0:03:05]} 9. Bf4 {[%emt 0:01:41]} Na6 {[%emt 0:00:24]} 10. c3 {[%emt 0:13:31]} Be7 {[%emt 0:12:50]} 11. Qa4 {[%emt 0:00:42]} Kf8 {[%emt 0:00:44]} 12. Bc4 {[%emt 0:09:55]} Nc5 {[%emt 0:00:21]} ({Better is} 12... Nf6 $14) 13. Qc2 {[%emt 0:00:20]} Nf6 {[%emt 0:10:27]} 14. Nc7 {[%emt 0:07:20]} ({Better is} 14. O-O $16) 14... Rc8 {[%emt 0:00:29]} 15. Ncxe6+ {[%emt 0:01:35]} ({White should play} 15. O-O-O $14 Rxc7 {[#]} 16. Nxe6+ $1 {[%mdl 512]} fxe6 17. Rxd8+ Bxd8 18. Bxc7 Bxc7 19. f3) 15... fxe6 {[%emt 0:05:21]} 16. b4 {[%emt 0:01:40]} Bd5 {[%emt 0:01:05]} 17. Bxd5 {[%emt 0:00:34]} Qxd5 {[%emt 0:00:15]} ({Minderwertig wäre} 17... exd5 18. bxc5 Qe8 19. O-O $16) 18. bxc5 {[%emt 0:00:35]} Bxc5 {[%emt 0:02:40]} 19. Nf3 {[%emt 0:04:51] [#]} (19. O-O-O $1 $15) 19... Qc4 $1 {[%emt 0:04:00]} 20. Be5 {[%emt 0:05:42]} Ne4 {[%emt 0:04:22]} 21. Qe2 {[%emt 0:03:29]} Bxf2+ {[%emt 0:05:42]} 22. Kf1 {[%emt 0:00:07]} Qxe2+ {[%emt 0:00:48]} 23. Kxe2 {[%emt 0:00:03]} Bc5 {[%emt 0:00:05]} 24. a4 {[%emt 0:04:21]} Ke7 {[%emt 0:03:31]} 25. g3 {[%emt 0:01:27]} Rhg8 {[%emt 0:00:57]} 26. Rhf1 {[%emt 0:01:08]} Bd6 {[%emt 0:02:33]} 27. Kd3 {[%emt 0:01:29]} Bxe5 {[%emt 0:00:54]} 28. Nxe5 {[%emt 0:00:07]} Nd6 {[%emt 0:00:19]} 29. a5 {[%emt 0:00:51]} (29. Kc2 $17) 29... b5 {[%emt 0:00:41]} 30. a6 {[%emt 0:00:24]} (30. Kc2 $17) 30... Rc5 {[%emt 0:00:14]} 31. Rfe1 {[%emt 0:02:29]} Rgc8 {[%emt 0:00:11]} 32. Rac1 {[%emt 0:00:16]} Rd5+ {[%emt 0:00:12]} 33. Kc2 {[%emt 0:00:27]} Nc4 {[%emt 0:02:12]} 34. Nf3 $2 {[%emt 0:00:34]} (34. Nxc4 $17 Rxc4 35. Kb3) 34... Rf8 {[%emt 0:02:58]} 35. Nd4 {[%emt 0:00:38]} Rf2+ {[%emt 0:00:59]} 36. Kb1 {[%emt 0:00:38]} Rd6 {[%emt 0:03:15]} 37. Re2 {[%emt 0:01:12]} Rxe2 $19 {[%emt 0:00:21]} 38. Nxe2 {[%emt 0:00:02]} Rxa6 {[%emt 0:00:17]} 39. Nd4 {[%emt 0:00:35]} Rb6 {[%emt 0:00:52]} 40. Kc2 {[%emt 0:00:26]} g6 {[%emt 0:01:20]} 41. Kb3 {[%emt 0:00:39]} Nd6 {[%emt 0:02:14]} 42. Kb4 {[%emt 0:01:22]} Nb7 {[%emt 0:00:24]} 43. Re1 {[%emt 0:01:00]} a5+ {[%emt 0:00:15]} 44. Ka3 {[%emt 0:00:21]} Nc5 {[%emt 0:01:10]} 45. g4 {[%emt 0:00:16]} b4+ {[%emt 0:00:11]} 46. cxb4 {[%emt 0:00:08]} axb4+ {[%emt 0:00:07]} 47. Ka2 {[%emt 0:00:09]} b3+ {[%emt 0:00:34]} 48. Kb1 {[%emt 0:01:45]} Rd6 {[%emt 0:00:54]} 49. Nb5 {[%emt 0:00:51]} Rd2 {[%emt 0:00:20]} 50. h4 {[%emt 0:00:14]} Nd3 {[%emt 0:00:13]} 51. Rf1 {[%emt 0:00:36]} Rb2+ {[%emt 0:01:03]} 52. Ka1 {[%emt 0:00:29]} Rc2 {[%emt 0:00:17]} 53. Rb1 {[%emt 0:02:05]} Ra2# {[%emt 0:00:10]} 1-0

[Event "22nd Alekhine FIDE 2018"]
[Site "Voronezh"]
[Date "2018.06.14"]
[Round "3"]
[White "Mikhnenko, Alexander"]
[Black "Peschansky, Mikhail"]
[Result "0-1"]
[WhiteElo "1945"]
[BlackElo "2137"]
[Annotator "TA"]
[PlyCount "114"]
[EventDate "2018.??.??"]
[EventType "swiss"]
[EventCountry "RUS"]
[SourceTitle "playchess.com"]
[Source "ChessBase"]
[SourceQuality "1"]

{[%evp 13,114,51,84,85,88,77,62,57,63,50,79,67,82,77,85,81,72,52,83,19,36,39,62,47,65,54,54,49,115,120,113,72,60,51,64,65,81,55,46,7,9,0,0,0,0,0,0,0,11,0,0,0,26,33,72,72,122,-8,-8,-30,12,10,45,-8,-8,-8,-8,-8,-2,-5,-8,-207,-203,-400,-362,-341,-257,-295,-85,-666,-658,-639,-608,-764,-762,-569,-550,-1525,-1302,-9524,-8354,-4594,-2892,-29970,-29974,-29976,-29968,-29975,-29976,-29976,-29977,-29962,-29954]} 1. d4 d6 2. e4 Nf6 3. Nc3 g6 4. f4 c6 5. Nf3 Bg7 6. Be2 O-O 7. O-O Bg4 8. Be3 {B09: Pirc Defence: Austrian Attack} (8. e5 Ne8 9. h3 Bc8 10. Be3 b5 11. Qd2 Qc7 12. Ne4 a6 13. Ng3 Nd7 14. Ng5 Nb6 15. Rae1 f6 16. Nxh7 Kxh7 {0-1 (32) Grigoriev,S (2132)-Pasiev,R (2407) St Petersburg 2016}) 8... Na6 9. e5 $146 ({Predecessor:} 9. Qd2 Nc7 10. h3 Bd7 11. g4 b5 12. a3 a5 13. b4 axb4 14. axb4 Rxa1 15. Rxa1 c5 {0-1 (29) Alcaraz Cordoba,S (1781)-Del Pozo Martinez,J (1952) Totana 2003}) 9... Nd5 10. Nxd5 {White is slightly better.} cxd5 11. c3 Qb6 12. Qb3 Qxb3 13. axb3 Nc7 14. Bd3 dxe5 15. Nxe5 Be6 16. Bf2 (16. f5 $16 gxf5 17. Bxf5) 16... f6 17. Nf3 Bg4 18. Bg3 Ne8 19. Rfe1 {Threatens to win with f5.} Kf7 20. Ra5 Bxf3 ({Better is} 20... e6 $14) 21. gxf3 $16 e6 22. Rea1 a6 {[%cal Ba7a6,Ba6b5,Bb5b4][%mdl 32]} 23. Rb5 axb5 24. Rxa8 Nd6 25. Ra5 (25. Ra7 {keeps more tension.} Kg8 26. f5 Nxf5 27. Rxb7 Nxg3 28. hxg3 Rf7 29. Rb6) 25... b4 26. f5 Nxf5 27. Bxf5 gxf5 $11 {[%mdl 4096] Endgame KRB-KRB} 28. Ra7 bxc3 29. Rxb7+ Kg6 30. bxc3 Rc8 31. Bc7 Bh6 32. f4 Kh5 {[#] Strongly threatening ...Kg4.} 33. Kg2 Kg4 34. h3+ Kh4 {Threatening ...Rg8+.} 35. Ba5 (35. Bd6 $16) 35... Rg8+ 36. Kf2 (36. Kf3 $5 {[%cal Rb7h7]}) 36... Kxh3 37. Rxh7 Rg6 (37... Rg2+ {looks sharper.} 38. Kf1 Rg6 39. c4 dxc4 40. bxc4 Kg3) 38. Bb4 (38. c4 $14) 38... Kg4 39. Bd6 $1 Bxf4 40. Bxf4 Kxf4 {KR-KR} 41. Rh4+ Kg5 $1 {[%cal Rg5h4]} 42. Rh2 $2 {[#]} (42. Rh1 $11 {and White has nothing to worry.} f4 43. Rg1+ Kf5 44. Rxg6 Kxg6 45. Kf3) 42... f4 $1 $19 43. b4 $2 (43. c4 {keeps fighting.} Kf5 44. cxd5) 43... Kf5 44. Rh5+ Ke4 45. Rh1 Kd3 $2 (45... e5 $19 {has better winning chances. White must now prevent ...Rg3.} 46. b5 Kd3) 46. Rh3+ $2 {[%mdl 8192]} (46. Re1 $17) 46... Kc4 47. Kf3 Kxc3 48. b5 Kxd4 49. Kxf4 Rg7 50. Rh6 Rb7 51. Rxf6 e5+ {[%cal Be6e5,Be5e4][%mdl 32]} 52. Kf5 Rxb5 53. Rd6 e4 {Black mates.} 54. Kf4 Rb3 55. Ra6 Rf3+ 56. Kg4 Rf7 57. Ra4+ Ke5 {Precision: White = 34%, Black = 52%.} 0-1

[Event "22nd Alekhine FIDE 2018"]
[Site "Voronezh"]
[Date "2018.06.15"]
[Round "4"]
[White "Lukovnikov, Alexander"]
[Black "Nesterov, Andrey"]
[Result "1-0"]
[WhiteElo "2153"]
[BlackElo "2010"]
[Annotator "NA"]
[PlyCount "65"]
[EventDate "2018.??.??"]
[EventType "swiss"]
[EventCountry "RUS"]
[SourceTitle "playchess.com"]
[Source "ChessBase"]
[SourceQuality "1"]
[TimeControl "5400+30"]

{[%evp 8,52,33,25,51,18,16,-19,-3,-33,-25,-31,-22,-17,-11,-22,-18,-4,-24,-60,0,-3,4,0,0,-42,-45,-55,-58,-58,-45,-50,-52,-46,-46,-116,-42,-53,-30,-66,317,339,345,295,341,357,365]} 1. e4 {[%emt 0:00:00]} c5 {[%emt 0:00:29]} 2. Nf3 {[%emt 0:00:00]} d6 {[%emt 0:00:31]} 3. d4 {[%emt 0:00:00]} cxd4 {[%emt 0:00:33]} 4. Nxd4 {[%emt 0:00:00]} Nf6 {[%emt 0:00:20]} 5. Nc3 {[%emt 0:00:00]} g6 {[%emt 0:00:32]} 6. f4 {[%emt 0:00:00]} Nc6 {[%emt 0:09:47]} 7. Nxc6 {[%emt 0:00:16]} bxc6 {[%emt 0:00:06]} 8. e5 {[%emt 0:00:03]} Nd7 {[%emt 0:01:49]} 9. exd6 {[%emt 0:00:08]} exd6 {[%emt 0:00:10] LiveBook: 78 Games} 10. Be3 {[%emt 0:00:01]} Be7 {[%emt 0:06:36]} 11. Bd3 {[%emt 0:00:02]} O-O {[%emt 0:01:10] B71: Sicilian Dragon: 6 f4} 12. O-O {[%emt 0:00:04]} d5 {[%emt 0:00:20]} 13. f5 {[%emt 0:00:06]} Bg5 $146 {[%emt 0:00:25]} ({Predecessor:} 13... Bc5 14. Bxc5 Nxc5 15. fxg6 hxg6 16. Kh1 Qg5 17. Rf3 Rb8 18. Rg3 Qf6 19. Qd2 Nxd3 20. cxd3 {0-1 (42) Apostu,T (2138)-Cirkvencic,F (2209) Brussels 2008}) 14. Bxg5 {[%emt 0:05:46]} Qxg5 {[%emt 0:00:17]} 15. Qe2 {[%emt 0:00:02]} Nc5 {[%emt 0:01:00]} 16. f6 {[%emt 0:01:05]} Nxd3 {[%emt 0:03:16]} 17. Qxd3 {[%emt 0:00:29]} Bf5 {[%emt 0:00:27]} 18. Qd4 {[%emt 0:00:27]} Rfe8 {[%emt 0:06:56]} 19. Rae1 {[%emt 0:03:58]} Bxc2 {[%emt 0:01:25]} 20. h4 {[%emt 0:02:07]} Qg3 {[%emt 0:04:41]} 21. Re7 {[%emt 0:02:43]} (21. Ne2 $1 $11 Qd6 22. Qd2) 21... Bf5 {[%emt 0:02:19]} (21... Rxe7 $17 22. fxe7 Re8) 22. Rf3 {[%emt 0:17:37]} Qd6 {[%emt 0:18:34]} 23. Rfe3 {[%emt 0:03:56]} Be6 $2 {[%emt 0:03:24] [#]} (23... Rxe7 $15 {stays ahead.} 24. Rxe7 a5) 24. R3xe6 $1 {[%emt 0:00:17]} Qxe6 {[%emt 0:04:32]} 25. Rxe6 {[%emt 0:00:19]} Rxe6 {[%emt 0:00:04]} 26. b4 {[%emt 0:01:50]} a6 $18 {[%emt 0:02:14]} 27. Qf4 {[%emt 0:05:05]} h5 {[%emt 0:01:53]} 28. Ne2 {[%emt 0:03:25]} Kh7 {[%emt 0:01:38]} 29. Ng3 {[%emt 0:00:15]} Rd8 {[%emt 0:04:40]} 30. Nf5 gxf5 {[%emt 0:00:07]} 31. Qg5 {[%emt 0:01:19]} Rxf6 {[%emt 0:02:34]} 32. Qxf6 {[%emt 0:00:13]} Rf8 {[%emt 0:00:06]} 33. Qxc6 {[%emt 0:00:12]} 1-0